000 00677nam a22001937a 4500
999 _c144548
_d144548
005 20230303170734.0
010 _a1718EN-30
020 _a9788123021300
_c2480.00
037 _bBookwell
_adpl
245 _aThe art and interiors of Rashtrapati Bhawan :
_cedited by Partha Mitter [and] Naman P. Ahuja
_blutyens and beyond /
260 _c2016
_aNew Delhi
_bRashtrapati Bhawan
270 _aRashtrapati Bhawan,
_bNew Delhi
_e110015
300 _c27cm(Hb)
_a334p.:
_bill. (col. pic.)
500 _aIncludes bibliographical references and index
700 _aMitter, Partha
700 _aAhuja, Naman P.
942 _cEN
_2ddc
_mART